The student's guide to passing exams

Αποθηκεύτηκε σε:
Λεπτομέρειες βιβλιογραφικής εγγραφής
Κύριος συγγραφέας: Burns, Richard
Μορφή: Βιβλίο
Γλώσσα:English
Δημοσίευση: London : Kogan Page, 1997
Θέματα:
Ετικέτες: Προσθήκη ετικέτας
Δεν υπάρχουν, Καταχωρήστε ετικέτα πρώτοι!

MARC

LEADER 00000pam a2200000 i 4500
001 1/87169
008 990722r19971995 eng d
020 |a 0749422475 
035 |l 10052238 
040 |a GR-MY-UA  |b gre  |e aacr 
041 0 |a eng 
082 0 |a 371.30281 
100 1 |a Burns, Richard. 
240 1 0 |a Pass exams and write top essays 
245 1 4 |a The student's guide to passing exams /  |c Richard Burns 
260 |a London :   |b Kogan Page,   |c 1997 
300 |a vii, 88 p.;  |b ill.;  |c 22 cm. 
500 |a Originally published as: Pass exams and write top essays. Old Noarlunga, S.Aust. : Stirling Press, 1995 
504 |a Includes index 
650 0 0 |a Test-taking skills. 
650 0 0 |a Examinations  |x Study guides. 
852 |a INST  |b LESVOS  |e 19990722  |h 371.30281 BUR  |p 005100021309  |q 005100021309  |t BK  |y 0 
901 |a BIBL1-2000-2 
909 |a Λ  |b 062676 
922 |a 1ΕΛΗ  |b 199812  |c ΚΠΣ/ΚΥΒ  |d LEADER 
950 |a 023-1998-09-14 
970 |z 2000/05/ΜΙΧΑΗΛΙΔΟΥ ΑΝΝΑ